00585cam a2200169 a 4500020001500000040001100015082002600026245007700052246007100129250001600200260004300216300005800259650002200317650002700339700001900366710003000385 a1570732175 cMoSU-L00a343 SEC 1995 A076 Or.00aABA state and local taxation of banks and other financial institutions /14aState and local taxation of banks and other financial institutions a1995-96 ed. aWashington, DC :bThe Section,cc1995. a1 v. (various pagings) ;c28 cm. +e3 computer disks. 0aBanks and banking 0aFinancial institutions1 aHayes, Richard2 aAmerican Bar Association.